The Asphalt handbook. (Record no. 550016)

000 -LEADER
fixed length control field 00706cam a2200217 a 4500
020 ## - INTERNATIONAL STANDARD BOOK NUMBER
International Standard Book Number 193415427X (pbk.)
020 ## - INTERNATIONAL STANDARD BOOK NUMBER
International Standard Book Number 9781934154274 (pbk.)
082 00 - DEWEY DECIMAL CLASSIFICATION NUMBER
Classification number 625.85
Author Mark ASP
100 ## - MAIN ENTRY--PERSONAL NAME
Personal name Institute, asphalt
9 (RLIN) 46784
245 04 - TITLE STATEMENT
Title The Asphalt handbook.
Remainder of title Asphalt institute
250 ## - EDITION STATEMENT
Edition statement 7th ed.
260 ## - PUBLICATION, DISTRIBUTION, ETC.
Place of publication, distribution, etc. Lexington, Ky. :
Name of publisher, distributor, etc. Asphalt Institute,
Date of publication, distribution, etc. 2007.
300 ## - PHYSICAL DESCRIPTION
Extent xxxi, 788 p. :
Other physical details ill., map ;
Dimensions 23 cm.
490 0# - SERIES STATEMENT
Series statement Asphalt Institute manual series ;
526 ## - STUDY PROGRAM INFORMATION NOTE
Program name 0
Interest level 0
Reading level 0
Title point value 625_850000000000000_ASP
650 #0 - SUBJECT ADDED ENTRY--TOPICAL TERM
Topical term or geographic name entry element Asphalt
General subdivision Handbooks, manuals, etc.
9 (RLIN) 41101
650 #0 - SUBJECT ADDED ENTRY--TOPICAL TERM
Topical term or geographic name entry element MCE
9 (RLIN) 379
650 #0 - SUBJECT ADDED ENTRY--TOPICAL TERM
Topical term or geographic name entry element Pavements, Asphalt
General subdivision Handbooks, manuals, etc.
9 (RLIN) 41102
710 2# - ADDED ENTRY--CORPORATE NAME
Corporate name or jurisdiction name as entry element Asphalt Institute.
9 (RLIN) 13616
942 ## - ADDED ENTRY ELEMENTS (KOHA)
Source of classification or shelving scheme
Koha item type Book
Holdings
Withdrawn status Lost status Source of classification or shelving scheme Damaged status Not for loan Permanent Location Current Location Date acquired Total Checkouts Full call number Barcode Date last seen Date last checked out Price effective from Koha item type
          Military College of Engineering (MCE) Military College of Engineering (MCE) 10/20/2014 2 625.85 ASP MCE-45580 01/22/2020 01/21/2020 10/20/2014 Book
© 2023 Central Library, National University of Sciences and Technology. All Rights Reserved.